000
00296nam a22001337a 4500
020
_a
817826167-7
082
_a
823
_b
MEL/M
100
_a
HERMAN MELVILLE
245
_a
MOBY DICK
260
_a
DELHI
_b
ROHAN BOOK COMPANY
_c
2003
300
_a
222
650
_a
MODERN ILLUSTRATION CLASSICS
942
_c
BK
999
_c
335
_d
335